Small Firms and Entrepreneurship in Central and Eastern Europe : (Record no. 615276)

MARC details
000 -LEADER
fixed length control field 00569nam a2200193 a 4500
008 - FIXED-LENGTH DATA ELEMENTS--GENERAL INFORMATION
fixed length control field 260221s2002##################000#0#eng##
020 ## - INTERNATIONAL STANDARD BOOK NUMBER
ISBN 9783790814675
082 04 - DEWEY DECIMAL CLASSIFICATION NUMBER
Classification number 338.6420947
Item number PFI
100 1# - MAIN ENTRY--AUTHOR NAME
Personal name Pfirrmann, Oliver,
245 10 - TITLE STATEMENT
Title Small Firms and Entrepreneurship in Central and Eastern Europe :
260 ## - PUBLICATION, DISTRIBUTION, ETC. (IMPRINT)
Name of publisher Springer Science & Business Media,
Year of publication 2002.
300 ## - PHYSICAL DESCRIPTION
Number of Pages 338 pages
650 #0 - SUBJECT ADDED ENTRY--TOPICAL TERM
Topical Term Business & Economics.
942 ## - ADDED ENTRY ELEMENTS (KOHA)
Koha item type English Books
Holdings
Withdrawn status Lost status Damaged status Not for loan Home library Current library Shelving location Date acquired Full call number Accession Number Price effective from Koha item type
        Anna Centenary Library Anna Centenary Library 4TH FLOOR, A WING 21.02.2026 338.6420947 PFI 304515 21.02.2026 English Books

Find us on the map